Types of Animals - Statistics

General Stats
  • This quiz has been taken 70 times
  • The average score is 11 of 15
Answer Stats
Hint Answer % Correct
Beluga, Blue, Sperm Whale
98%
Poodle, Pug, Labrador Retriever Dog
96%
Africanized, Honey, Bumble Bee
93%
Moose, Elk, Fallow Deer
86%
Bottlenose, Amazon river, Orca Dolphin
86%
African, Asian, Sumatran Elephant
81%
Freetailed, Flying Fox, Fruit Bat
74%
Loggerhead, Green sea, Leatherback Turtle
74%
Ladybird, Darkling, Dung Beetle
72%
Black, Spectacled, Sun Bear
70%
American, Nile, Estuarine Crocodile
68%
Bullet, Fire, Jackjumper Ant
61%
Snowshoe, Arctic, European Hare
58%
Dugite, Gwardar, Krait Snake
49%
Gelada, Mandrill, Hamadryas Baboon
32%
No matching quizzes found
Score Distribution
Percent of People with Each Score
Percentile by Number Answered
Your Score History
You have not taken this quiz